| 000 | 01030nam a2200289 i 4500 | ||
|---|---|---|---|
| 003 | EG-ScBUE | ||
| 005 | 20240121092626.0 | ||
| 008 | 110810s1986 ua 000 0 ara d | ||
| 017 | _a1986 / 7897 | ||
| 020 | _a9771330519 | ||
| 040 |
_aEG-ScBUE _bara _erda _cEG-ScBUE _dEG-ScBUE |
||
| 043 | _af-ua--- | ||
| 082 | 0 | 4 |
_222 _a962.05 _bط و ي |
| 100 | 1 |
_926617 _aطويل، محمد، _eمؤلف. |
|
| 245 | 1 | 0 |
_aبرلمان الثورة. _nالجزء الثاني / _cمحمد الطويل. |
| 264 | 1 |
_aالقاهرة : _bمكتبة مدبولي، _c[1986] |
|
| 300 |
_a591 صفحة ؛ _c24 سم |
||
| 336 |
_2rdacontent _aنص _btxt |
||
| 337 |
_aبدون وسيط _2rdamedia _bn |
||
| 338 |
_aمجلد _bnc _2rdacarrier |
||
| 650 | 7 |
_aحرب يونيو 1967 _zمصر. _2BUEsh |
|
| 651 | 7 |
_2BUEsh _aمصر _xتاريخ _yالعصر الحديث _yجمال عبد الناصر (1954-1970). |
|
| 651 | 7 |
_2BUEsh _aمصر _xأحوال سياسية. |
|
| 653 | _cAugust2011 | ||
| 655 | _vReading book | ||
| 942 |
_2ddc _cBB |
||
| 999 |
_c15798 _d15798 |
||